[Event "AUS-ch U12"]
[Site "Mooroolbark"]
[Date "2011.01.19"]
[Round "2"]
[White "Qi, Glen"]
[Black "Fan, Enoch"]
[Result "1-0"]
[WhiteElo "1210"]
[BlackElo "1457"]
[PlyCount "47"]
[EventDate "2011.01.19"]
[EventType "swiss"]
[EventRounds "9"]
[EventCountry "AUS"]
[SourceTitle "EXT 2013"]
[Source "ChessBase"]
[SourceDate "2012.11.22"]
[SourceVersion "1"]
[SourceVersionDate "2012.11.22"]
[SourceQuality "1"]

1. e4 e6 2. d4 d5 3. exd5 exd5 4. Bd3 Bd6 5. c3 Nc6 6. Nf3 Nge7 7. 0-0 Bg4 8. h3 Bh5 9. Re1 Qd7 10. Nbd2 0-0-0 11. Qc2 Kb8 12. a4 h6 13. Ne5 Bxe5 14. dxe5 g5 15. b4 d4 16. Ra3 dxc3 17. Qxc3 Nd5 18. Qb2 Ndxb4 19. Bb5 Qd4 20. Bxc6 Qxb2 21. Bxb2 Nc2 22. Rb3 Nxe1 23. Rxb7+ Kc8 24. Rxa7 1-0

[Event "AUS-ch U10"]
[Site "Mooroolbark"]
[Date "2011.01.16"]
[Round "5"]
[White "Cannon, David"]
[Black "Fan, Enoch"]
[Result "1-0"]
[WhiteElo "1064"]
[BlackElo "1457"]
[PlyCount "149"]
[EventDate "2011.01.15"]
[EventType "swiss"]
[EventRounds "9"]
[EventCountry "AUS"]
[SourceTitle "EXT 2013"]
[Source "ChessBase"]
[SourceDate "2012.11.22"]
[SourceVersion "1"]
[SourceVersionDate "2012.11.22"]
[SourceQuality "1"]

1. e4 e6 2. d4 d5 3. Nd2 dxe4 4. Nxe4 Nd7 5. Nf3 Ngf6 6. Bd3 Nxe4 7. Bxe4 Nf6 8. Bd3 c5 9. 0-0 cxd4 10. Bb5+ Bd7 11. Bxd7+ Qxd7 12. Qxd4 Qxd4 13. Nxd4 0-0-0 14. c3 Bc5 15. Nb3 Bb6 16. Bf4 Nd5 17. Bg3 Rhe8 18. c4 Nf6 19. c5 Bc7 20. Bxc7 Kxc7 21. Rad1 Rd5 22. Rxd5 Nxd5 23. Rd1 Rd8 24. f3 Nb4 25. Rc1 Nxa2 26. Rc4 Rd1+ 27. Kf2 Rb1 28. Rc2 Nb4 29. Rd2 Nd5 30. Ke2 b6 31. cxb6+ Nxb6 32. Kd3 Re1 33. f4 e5 34. Rc2+ Kd6 35. fxe5+ Rxe5 36. Nd4 Rd5 37. Ke3 Kd7 38. Rf2 f6 39. Rc2 g6 40. h3 f5 41. g3 h6 42. Kd3 Nc8 43. Ke3 Nd6 44. Ne2 Ne4 45. Rc4 g5 46. Ra4 a5 47. Rc4 Rd2 48. Rxe4 Rxe2+ 49. Kxe2 fxe4 50. Ke3 Kd6 51. Kxe4 Ke6 52. g4 a4 53. Kd4 Kd6 54. Kc4 Ke5 55. Kb4 Kf4 56. Kxa4 Kg3 57. b4 Kxh3 58. b5 Kxg4 59. b6 h5 60. b7 h4 61. b8Q Kh3 62. Qb3+ Kg2 63. Qd5+ Kf2 64. Qxg5 h3 65. Qh4+ Kg2 66. Qg4+ Kh2 67. Kb4 Kh1 68. Qxh3+ Kg1 69. Qf3 Kh2 70. Qg4 Kh1 71. Kc4 Kh2 72. Kd3 Kh1 73. Ke2 Kh2 74. Kf2 Kh1 75. Qh3# 1-0